000 00917nam a22001935i 4500
001 153693
003 ES-MaACL
005 20230906205338.0
008 050926s1892 sp | |||||||| ||spa d
040 _aCAM
_bspa
_cCAM
110 2 _aEscuela de Artes y Oficios (Bilbao)
_9134362
245 1 0 _aMemoria relativa la curso de 1891 á 1892, leída por el Secretario de la Junta Directiva Gabriel Vilallonga en sesión pública celebrada para la repartición de premios en 2 de octubre de 1892.
260 _aBilbao :
_b[s.n.],
_c1892 (
_fImprenta de la Casa de Misericordia)
300 _a50, [2] p., [1] h. pleg. ;
_c22 cm.
594 _aPrecede al tít.: Escuela de Artes y Oficios de Bilbao.
610 2 4 _aEscuela de Artes y Oficios (Bilbao)-
_vMemorias.
_9153306
700 1 _aVilallonga, Gabriel.
_9133718
852 _aES-MaACL
_jT-708-F-7
_z-- Enc. hol., conservando la cub. original
_z-- Enc. en un vol. facticio
999 _c153693
_d153693